Name The Country By The Picture - Statistics

General Stats
  • This quiz has been taken 128 times
  • The average score is 13 of 15
Answer Stats
Picture Answer % Correct
Australia
98%
Egypt
98%
China
97%
Russia
97%
United States Of America
97%
Brazil
96%
India
96%
Italy
96%
Japan
95%
Canada
91%
Saudi Arabia
90%
Cuba
81%
Germany
77%
Denmark (Greenland)
65%
D. R. Congo
38%
No matching quizzes found
Score Distribution
Percent of People with Each Score
Percentile by Number Answered
Your Score History
You have not taken this quiz